|
|
|
|
| LEADER |
00926nam a2200253 a 4500 |
| 001 |
2278781 |
| 008 |
091206r19791975ii a b 000 0 eng d |
| 010 |
|
|
|a \\\78906121
|
| 020 |
|
|
|a 0706903897
|
| 040 |
|
|
|a DLC
|c DLC
|d DLC
|
| 082 |
0 |
0 |
|a 330.9/172/4
|2 18
|
| 100 |
1 |
|
|a Jhingan, M. L.
|
| 245 |
1 |
4 |
|a The economics of development and planning :
|b with special reference to India /
|c M. L. Jhingan.
|
| 250 |
|
|
|a 11th rev. ed.
|
| 260 |
|
|
|a New Delhi :
|b Vikas,
|c 1975 [reprinted 1979].
|
| 300 |
|
|
|a xii, 603 p. :
|b diagrs. ;
|c 25 cm.
|
| 504 |
|
|
|a Bibliobgraphy: p. [600]-603.
|
| 541 |
1 |
|
|e 00000538
|
| 650 |
|
0 |
|a Economic development.
|
| 650 |
|
0 |
|a Economic policy.
|
| 651 |
|
0 |
|a India
|x Economic policy.
|
| 852 |
4 |
|
|a Ayesha Abed Library
|j General shelf
|
| 999 |
|
|
|c 6005
|d 6005
|
| 952 |
|
|
|0 0
|1 0
|2 ddc
|4 0
|6 330_917240000000000_JHI_1979
|7 0
|9 5991
|a BRACUL
|b BRACUL
|c GEN
|d 2009-12-07
|g 50.00
|l 0
|o 330.91724 JHI
|p 3010000538
|r 2009-12-07
|t 1
|w 2009-12-07
|y BK
|